000 00483cam a2200181ua 4500
001 5802
008 131022n ii |||gr||||Z||||||asm
040 _cMAIN
082 _a954.162
100 _aBaruah,Sukha,
_eAuthor.
245 _aBuranjiye Parakha Madhyayugar Hunali Hubah
_cby Sukha Baruah
250 _a1st ed.
260 _aGuwahati:
_bKalpataru Prakashan,
_c2009.
300 _a94p.
653 _aHistory
653 _aBuranjiye Parakha Madhyayugar Hunali Hubah
942 _cBK
999 _c4958
_d4958